| 000 | 00740nas a2200253 4500 | ||
|---|---|---|---|
| 001 | BR0801750 | ||
| 003 | BR-BrBNA | ||
| 005 | 20231205111739.0 | ||
| 007 | ta | ||
| 008 | 230509b bl.|||p| |||| 00| 00por d | ||
| 040 |
_aBR-BrBNA _bpor _cBiblioteca Nacional de Agricultura |
||
| 041 | _a(En) | ||
| 072 | _aL72 | ||
| 100 | 1 | _aPinto, R.M. | |
| 100 | 1 | _aGomes, D.C. | |
| 100 | 1 | _aPereira, L.C.M. | |
| 100 | 1 | _aNoronha, D. | |
| 245 | 1 | _aHelminths of the guinea pig, Cavia porceilus (Linnaeus), in Brazil | |
| 650 | _aPORCO | ||
| 650 | _aHELMINTO | ||
| 773 | 0 |
_tRevista Brasileira de Zoologia (Brazil) _xISSN 0101-8175 _g(Jul 2002), v. 19(1) p. 261-269 _wBR0801750 |
|
| 909 |
_a202311 _bLúcia _c55 _dLúcia Elande |
||
| 942 |
_2AGRIS _n0 _cANA |
||
| 999 |
_c194290 _d194290 |
||